000
00279nam a22001217a 4500
008
180814b xxu||||| |||| 00| 0 eng d
041
_a
eng
080
_a
616.053.2
100
_a
8
101
_a
PED
245
_a
PEDIATRIC ADVANCED LIFE SUPPORT
_c
CHAMEIDES.L
942
_2
udc
_c
BK
999
_c
47167
_d
47167